Third conference on the law of the sea

Wedi'i Gadw mewn:
Manylion Llyfryddiaeth
Fformat: Llyfr
Iaith:Undetermined
Cyhoeddwyd: U.S.A. United Nations 1975
Pynciau:
Tagiau: Ychwanegu Tag
Dim Tagiau, Byddwch y cyntaf i dagio'r cofnod hwn!
Thư viện lưu trữ: Trung tâm Học liệu Trường Đại học Cần Thơ
LEADER 00415nam a2200157Ia 4500
001 CTU_98501
008 210402s9999 xx 000 0 und d
082 |a 340.13 
082 |b T445 
245 0 |a Third conference on the law of the sea 
260 |a U.S.A. 
260 |b United Nations 
260 |c 1975 
650 |a International law 
904 |i M.Loan 
980 |a Trung tâm Học liệu Trường Đại học Cần Thơ